| 000 | 00665 a2200193 4500 | ||
|---|---|---|---|
| 020 | _a0127521771 | ||
| 020 | _a9780127521770 | ||
| 082 | _a530.41 | ||
| 090 |
_c1253 _d1253 |
||
| 100 | _aPlekhanov, Vladmir. | ||
| 245 | 1 | 0 |
_aIsotope effects in solid state physics. _nVolume 68 / _cVladmir Plekhanov. |
| 260 |
_a[S.l.] : _bAcademic Press, _c2001. |
||
| 300 |
_a268 p. ; _c24 cm. |
||
| 490 | 1 | _aSemiconductors & semimetals. | |
| 700 | 1 | _aPlekhanov, Vladmir. | |
| 830 | 0 | _aSemiconductors & semimetals. | |
| 942 |
_aSNS _cBK _k530.41 PLE |
||
| 999 |
_c29866 _d29866 |
||